000 00195nam a22000857a 4500
008 160711b xxu||||| |||| 00| 0 eng d
100 _92570
_a Peacock
245 _aOutdoors in Alabama
260 _c1963
999 _c2235
_d2235